|
|
|
|
| LEADER |
01760nam a2200385 i 4500 |
| 001 |
39713 |
| 003 |
BD-DhAAL |
| 008 |
221012t2016 bg b 101 0 eng d |
| 999 |
|
|
|c 44951
|d 44951
|
| 010 |
|
|
|a 2016319402
|
| 020 |
|
|
|a 9789843417404
|
| 025 |
|
|
|a B-E-2016319402; 22-91
|
| 037 |
|
|
|b Library of Congress--New Delhi Overseas Office
|
| 040 |
|
|
|a DLC
|b eng
|e rda
|c DLC
|d DLC
|d BD-DhAAL
|
| 042 |
|
|
|a lcode
|a pcc
|
| 043 |
|
|
|a a-bg---
|
| 050 |
0 |
0 |
|a HC440.8
|b .A5538 2016
|
| 082 |
|
|
|a 330.954920521
|2 23
|
| 100 |
1 |
|
|a Ahmed, Sadiq,
|e author.
|9 51795
|
| 245 |
1 |
0 |
|a Strengthening institutions to accelerate growth and lower poverty /
|c Sadiq Ahmed, Mohiuddin Alamgir and Mustafa K. Mujeri.
|
| 264 |
|
1 |
|a Dhaka :
|b Bangladesh Economists' Forum,
|c 2016.
|
| 300 |
|
|
|a xvi, 128 pages ;
|c 22 cm.
|
| 504 |
|
|
|a Includes bibliographical references (pages 121-126) and index.
|
| 520 |
|
|
|a Outcome of the Second BEF Conference held in Dhaka in October 2015.
|
| 541 |
|
|
|a Donated By Akbar Ali Khan
|e 39713
|
| 650 |
|
0 |
|a Social institutions
|z Bangladesh
|v Congresses.
|9 51796
|
| 651 |
|
0 |
|a Bangladesh
|x Economic conditions
|y 21st century
|v Congresses.
|9 51797
|
| 651 |
|
0 |
|a Bangladesh
|x Economic policy
|y 21st century
|v Congresses.
|9 51798
|
| 700 |
1 |
|
|a Alamgir, Mohiuddin,
|d 1943-
|e author.
|9 51799
|
| 700 |
1 |
|
|a Mujeri, Mustafa K.,
|e author.
|9 51800
|
| 710 |
2 |
|
|a Bangladesh Economists' Forum,
|e organizer.
|9 51801
|
| 710 |
2 |
|
|a Bangladesh Economists' Forum.
|b Conference
|n (2nd :
|d 2015 :
|c Dhaka, Bangladesh)
|9 51802
|
| 852 |
|
|
|a Ayesha Abed Library
|c Akbar Ali Khan Collection
|
| 942 |
|
|
|2 ddc
|c BK
|
| 952 |
|
|
|0 0
|1 0
|2 ddc
|4 0
|6 330_954920521000000_AHM
|7 1
|9 72053
|a BRACUL
|b BRACUL
|c CS1
|d 2022-10-12
|e Donated by Akbar Ali Khan
|l 0
|o 330.954920521 AHM
|p 3010039713
|r 2022-10-12
|t 1
|w 2022-10-12
|y BK
|